Statystyki dla Gdzie nigdy NIE grał ten piłkarz #1

Kliknij tutaj aby rozwiązać quiz!

Ogólne statystyki

  • Ten quiz został rozwiązany 2 291 razy
  • Średni wynik to 7 z 15

Statystyki odpowiedzi

ZagadnienieOdpowiedź% Poprawnych
Gdzie nigdy NIE grał Wayne RooneyMontreal Impact
78%
Gdzie nigdy NIE grał Miroslav KloseTSG Hoffenheim
73%
Gdzie nigdy NIE grał Edin DzekoEintracht Frankfurt
71%
Gdzie nigdy NIE grał Kevin De BruyneTSG Hoffenheim
71%
Gdzie nigdy NIE grał Pablo ZabaletaEverton
60%
Gdzie nigdy NIE grał Arkadiusz MilikPolonia Bytom
57%
Gdzie nigdy NIE grał Arjen RobbenHeerenveen
50%
Gdzie nigdy NIE grał Michael EssienStade Reims
45%
Gdzie nigdy NIE grał Lucas PodolskiCaykur Rizespor
44%
Gdzie nigdy NIE grał Serge Gnabry1.FC Köln
43%
Gdzie nigdy NIE grał Joe HartDerby County
36%
Gdzie nigdy NIE grał Giacomo BonaventuraAC Pisa
32%
Gdzie nigdy NIE grał Arkadiusz MalarzDolcan Ząbki
32%
Gdzie nigdy NIE grał Tomasz HajtoVfL Bochum
24%
Gdzie nigdy NIE grał HulkCerezo Osaka
21%

Rozkład punktacji

Percentyl według liczby udzielonych odpowiedzi

Procent ludzi z każdym wynikiem

Twoja historia wyników

Nie rozwiązałeś tego quizu